000 00529nam a2200169 i 4500
001 39379
003 ES-MaACL
005 20230906155949.0
007 t|
008 030303s1931 sp ||||1| spa d
100 1 _aCalleja García, Camilo.
_933726
245 1 0 _aTeoría de la relatividad de Einstein /
_ccompilación y comentarios por Camilo Calleja García.
260 _aMadrid :
_b[s.n.,
_c1931] (
_fGráficas Ramirez)
300 _a236 p. ;
_c19 cm.
650 0 4 _aRelatividad (Física)
_916793
852 _aES-MaACL
_jB-12592
999 _c39379
_d39379